Statistics for A Pointless Quiz

Click here to take the quiz!

General Stats

  • This quiz has been taken 265 times
  • The average score is 13 of 15

Answer Stats

HintAnswer% Correct
What i amawesome
99%
Color of skyblue
94%
ha ha that was funny rightyeah
92%
is pokemon lameyes
92%
is this the last questionyes
92%
is harry potter lameno
91%
is jetpunk lameno
91%
does this quiz bore youno
91%
color of this boxwhite
91%
color of that box ---->white
91%
starts with a ends with nnoyingannoying
89%
number of suns1
88%
number of questions so far counting this13
81%
what macdonald ownedfarm
68%
everyone misses this questiontold you
5%

Score Distribution

Percentile by Number Answered

Percent of People with Each Score

Your Score History

You have not taken this quiz